00687cam a2200217 a 45000010009000000050017000090080041000260100017000670200035000840400018001190410008001370800017001450820021001621000007001831010008001902450081001989060045002799420012003249990017003369520116003531350316420180119042056.0040226s2005 maua 001 0 eng  a 2004045966 a0321132262 (pbk. : alk. paper) aDLCcDLCdDLC aeng a513..12 pal00a513..12 pal2221 a51 amat10aIntegrated arithmetic and basic algebra /cBill E. Jordan, William P. Palow. a7bcbccorignewd1eocipf20gy-gencatlg 2ddccBK c40540d40540 00102ddc40708PËKGa002b002cPËKGd2018-01-19l0o513..12 palp002-2995864r2018-01-19w2018-01-19yBK